Diccionario inglés-español [y español-inglés] / (Record no. 99562)

MARC details
000 -LEADER
campo de control de longitud fija 00962nam a2200253 i 4500
001 - NÚMERO DE CONTROL
campo de control 99562
003 - IDENTIFICADOR DE NÚMERO DE CONTROL
campo de control ES-MaACL
005 - FECHA Y HORA DE LA ÚLTIMA TRANSACCIÓN
campo de control 20250307123441.0
007 - CAMPO FIJO DE DESCRIPCIÓN FÍSICA--INFORMACIÓN GENERAL
campo de control de longitud fija t|
008 - DATOS DE LONGITUD FIJA--INFORMACIÓN GENERAL
campo de control de longitud fija 050913s1964 sp ||||1| spa d
100 1# - ENTRADA PRINCIPAL--NOMBRE DE PERSONA
Nombre de persona Martínez Amador, Emilio M.
9 (RLIN) 77852
245 10 - MENCIÓN DEL TÍTULO
Título Diccionario inglés-español [y español-inglés] /
Mención de responsabilidad, etc. por Emilio Martínez Amador.
260 ## - PUBLICACIÓN, DISTRIBUCIÓN, ETC.
Lugar de publicación, distribución, etc. Barcelona :
Nombre del editor, distribuidor, etc. Ramón Sopena,
Fecha de publicación, distribución, etc. 1964.
300 ## - DESCRIPCIÓN FÍSICA
Extensión 2 v. ;
Dimensiones 22 cm.
650 #4 - PUNTO DE ACCESO ADICIONAL DE MATERIA--TÉRMINO DE MATERIA
Término de materia o nombre geográfico como elemento de entrada Lengua inglesa-
Subdivisión de forma Diccionarios-
Subdivisión general Español.
9 (RLIN) 14270
650 #4 - PUNTO DE ACCESO ADICIONAL DE MATERIA--TÉRMINO DE MATERIA
Término de materia o nombre geográfico como elemento de entrada Lengua española-
Subdivisión de forma Diccionarios-
Subdivisión general Inglés.
9 (RLIN) 14142
852 4# - LOCALIZACIÓN
Ubicación ES-MaACL
Número de control de estantería G-16101
Ubicación en estantería Depósito 2
itemnumber 103284
Sublocalización o colección R.55091
Signatura antigua Olim: A-5453
852 4# - LOCALIZACIÓN
Ubicación ES-MaACL
Número de control de estantería G-16102
itemnumber 103284
Sublocalización o colección R.55092
Ubicación en estantería Depósito 2
Signatura antigua Olim: A-5455
852 4# - LOCALIZACIÓN
Ubicación ES-MaACL
Número de control de estantería G-16104
Sublocalización o colección R.55092
Ubicación en estantería Depósito 2
Signatura antigua Olim: A-5456
itemnumber 201328
852 4# - LOCALIZACIÓN
Ubicación ES-MaACL
Número de control de estantería G-16105
Sublocalización o colección R.55091
Ubicación en estantería Depósito 2
Signatura antigua Olim: A-5454
itemnumber 201324
942 ## - ELEMENTOS DE ENTRADA SECUNDARIOS (KOHA)
Fuente del sistema de clasificación o colocación Clasificación decimal universal
Tipo de ítem Koha Libro impreso
Suprimir en OPAC No
Holdings
Estatus retirado Estado de pérdida Fuente del sistema de clasificación o colocación Estado de daño No para préstamo Colección Biblioteca de origen Biblioteca actual Ubicación en estantería Fecha de adquisición Fuente de adquisición Total de préstamos Signatura topográfica completa Código de barras Visto por última vez Precio de reemplazo Tipo de ítem Koha
    Clasificación decimal universal     Colección de referencia Biblioteca del Ateneo de Madrid Biblioteca del Ateneo de Madrid Depósito 2 17/01/2008 Compra   G-16101 1103959 23/02/2023 23/02/2023 Libro impreso
    Clasificación decimal universal     Colección de referencia Biblioteca del Ateneo de Madrid Biblioteca del Ateneo de Madrid Depósito 2 17/01/2008 Compra   G-16102 1103958 23/02/2023 23/02/2023 Libro impreso
    Clasificación decimal universal     Colección de referencia Biblioteca del Ateneo de Madrid Biblioteca del Ateneo de Madrid Depósito 2 17/01/2008 Compra   G-16105 101206810 16/02/2024 23/02/2023 Libro impreso
    Clasificación decimal universal     Colección de referencia Biblioteca del Ateneo de Madrid Biblioteca del Ateneo de Madrid Depósito 2 17/01/2008 Compra   G-16104 101206811 16/02/2024 23/02/2023 Libro impreso